00283nam a2200121Ia 4500008004100000041000800041082001500049100001500064245003500079260001600114365001600130700001500146230718s9999 xx 000 0 und d aeng a303.3bSTA aStaples W. aIn Search Of Your True Self 21 c1999bMagna cRs.b175.00 aStaples W.